000 00354nam a2200145 i 4500
001 bg
100 1 _aMIRKOWSKA, G.
245 0 _aLogika algorytmiczna dla programistów /
_cG.Mirkowska,A.Salwicki.
260 _aWarszawa,
_c1992.
700 1 _aSALWICKI, A.
040 _cBPK
041 _apol
942 _cKS
008 s pl f |000 0 pol
999 _c5510
_d5510
856 _uhttp://koha.tu.koszalin.pl/cgi-bin/koha/opac-detail.pl?biblionumber=5510
_yKatalog online BPK